| 000 | 00828nam a2200253Ia 4500 | ||
|---|---|---|---|
| 003 | OSt | ||
| 005 | 20221005063144.0 | ||
| 006 | a|||||r|||| 00| 0 | ||
| 007 | ta | ||
| 008 | 221004b |||||||| |||| 00| 0 eng d | ||
| 020 |
_a9781781681169 (pbk) _c1322.51 |
||
| 024 | _a11007 | ||
| 037 |
_b13115111, 11/03/2014, Atlantic Publisher & Dist. Pvt Ltd. _cTextual |
||
| 040 |
_aCRL _cCRL _beng |
||
| 041 |
_2eng _aeng |
||
| 082 | _aV1:1946,(F55).P1, Q3 | ||
| 100 |
_aMitchell Timothy _931067 |
||
| 245 | 0 |
_aCarbon democracy _b Political power in the age of oil |
|
| 260 |
_aLondon _bVerso UK _c2013 |
||
| 300 |
_aix,292p. _ccm. |
||
| 650 | _aHISTORY | ||
| 942 |
_hV1:1946,(F55).P1, Q3 _cTEXL _2cc |
||
| 999 |
_c971001 _d971001 |
||